000 00513nam a22001697a 4500
005 20251108164357.0
008 250721s1992 xx 000 0 ara d
082 1 4 _a413.09/كري
100 1 _aكريم، محمد رياض
245 1 0 _aالقول الفصل في نسبة كتاب العين إلى الخليل /
264 1 _aالقاهرة :
_bالمؤلف،
_c1992.
300 _a223ص
650 1 7 _aالمعاجم اللغوية
650 1 7 _aكتاب العين
942 _2ddc
_cBK
999 _c10681
_d10681